Представление документа в формате RUSMARC

ПолеНазваниеЗначение
  Тип записи a
  Библиографический уровень m
001 Контрольный номер Book/17651
005 Дата корректировки 20230322084623.7
010 Индекс ISBN __
a ISBN 5-88503-137-1
9 Тираж 7 000 экз.
d Цена 47 р. 00 к.
090 Данные записи __
a Состояние записи 38.639
b Тип записи Книги
c Язык записи Русский
d Отрасль знаний (КСУ) Другая
e Секретность Несекретно
g Вид записи Монография (однотомник)
x Дата передачи записи для обработки С79
100 Данные общей обработки __
a Данные общей обработки 20120425d2013 u u 1rusy ||||ca
101 Язык документа 0_
a Язык текста rus
105 Кодированные данные (монография) __
a Кодированные данные (монография) a z 000yy
200 Заглавие и сведения об ответственности 1_
a Заглавие Стены
210 Выходные данные 1_
a Место издания Москва
210 Выходные данные 1_
a Место издания Санкт-Петербург
c Издательство Диля
d Дата издания 2002
215 Физическое описание __
a Объем 224 с.
c Иллюстрации/тип воспроизводства ил.
225 Серия 1_
a Серия Евроремонт
300 Общие примечания __
a Общие примечания 16+
606 Тематические рубрики 0_
a Основная рубрика Отделочные работы - Ремонт
610 Ключевые слова 0_
a Ключевые слова строительство, ремонт, отделка стен, покрытие, советы по дизайну
686 Индексы других классификаций __
a Классификационный индекс 38.639
2 Код системы rubbk
801 Источник записи _0
a Страна RU
b Организация МБУК ЦБС г. Ульяновска
c Дата составления 20120425
801 Источник записи _1
a Страна RU
b Организация МБУК ЦБС г. Ульяновска
c Дата составления 20120425
852 Данные о местонахождении __
i Авторский знак С 79
j Шифр хранения 38.639
899 Данные о местонахождении __
3 Книга № 42243
a Местонахождение 12 ф
d Название фонда Инв.книга №1
q Состояние Свободно
x Инвентарный номер 153906
901 Тип документа __
t Тип документа m